00225nam a2200085Ia 450000100070000000500170000700800410002424500430006526000310010878973820250826170424.0250824s9999 xx 000 0 und d 0aSİHİRLİ ANAHTARcMICHAEL COLEMAN bALTIN KİTAPLAR YAYINLARI